Logo biblioteca
Santa Fe 2917, Rosario, Santa Fe
Lu-Vi 8 a 19.45
+54-341-4232362
bibliotecaeudoro@gmail.com
Facebook Biblioteca Pedagógica
Sitio web

Tres mamíferos acuáticos / (Registro nro. 32339)

Detalles MARC
000 -CABECERA
campo fijo de control de longitud 00800nab a2200205 4500
003 - IDENTIFICADOR DEL NÚMERO DE CONTROL
campo de control AR-RoBPED
005 - FECHA Y HORADE LA ULTIMA TRANSACCION
campo de control 20260227170959.0
008 - ELEMENTOS DE LONGITUD FIJA--INFORMACION GENERAL
campo fijo de control de longitud 251211d1898198?ag |||p| ||||s00| 0 spa d
040 ## - FUENTE CATALOGADORA
Centro catalogador/agencia de origen AR-RoBPED
Agencia que realiza la modificación spa
041 ## - IDIOMA
Código de idioma para texto/pista de sonido o título independiente spa
100 1# - ENCABEZAMIENTO PRINCIPAL--AUTOR PERSONAL
Nombre de persona Solari, C.
9 (RLIN) 30067
245 10 - TITULO
Título Tres mamíferos acuáticos /
Mención de responsabilidad Constantino Solari.
300 ## - DESCRIPCION FISICA
Extensión pág. 89-91
362 ## - FECHAS DE PUBLICACION Y/O DESIGNACION SECUENCIAL
Fecha de publicación y/o designación secuencial Año 13, no. 153 (Feb. 1901)
500 ## - NOTA GENERAL
Nota general Artículo en: Boletín de Educación. Santa Fe : Consejo General de Educación, 1886-198?. Año 13, N° 153 (feb. 1901), páginas 89-91.
Nota general Incluye "Carpincho, Quiyá y Lobo de río".
773 0# - DOCUMENTO FUENTE
Host Biblionumber 22998
Host Itemnumber 30340
Encabezamiento principal Santa Fe.
Place, publisher, and date of publication Santa Fe : Consejo General de Educación, [1886-198-?].
Título Boletín de Educación :
Record control number (AR-RoBPED)22998
942 ## - ELEMENTOS KOHA
Koha tipo de ítem Revistas
Número Koha k. 32339
945 ## - PROCESAMIENTO DE LA INFORMACIÓN LOCAL
Catalogador y fecha efp 11/12/2025

No hay ítems disponibles.